Nové slovo týždenník pre politiku, kultúru a hospodárstvo

Bibliographic Details
New Title:Pod zástavou socializmu
Other Authors: Bednár, Štefan, 1909-1976 (Publishing director)
Format: Journal
Language:Slovak
PhysicalDescription:9 zv. fotogr. 31 cm
Published: Banská Bystrica Gustáv Husák 1944-1952
Bratislava Obroda
Bratislava Pravda
Bratislava ÚV KSS Pravda
Bratislava
ISSN:0323-2891
Subjects:

MARC

LEADER 00000cas a2200000 a 4500
001 vtls010301777
003 SK-MaSNL
005 20260228161619.0
008 151019d19441952xo wr|p 0 b0slo
022 |a 0323-2891 
040 |a SNK  |b slo  |c SNK  |e AACR2 
041 0 |a slo 
044 |a xo  |c SK 
072 7 |a 316.7  |x Sociológia kultúry. Kultúrny život  |2 konspekt 
080 |a 32  |2 2001 
080 |a 329.1/.6  |2 2001 
080 |a 33  |2 2001 
080 |a 316.7  |2 2001 
210 0 |a Nové slovo 
222 0 |a Nové slovo 
245 0 0 |a Nové slovo  |b týždenník pre politiku, kultúru a hospodárstvo 
260 |a Banská Bystrica  |b Gustáv Husák  |c 1944-1952 
260 2 |3 1947-15/1948  |a Bratislava  |b Obroda 
260 2 |3 16/ 1948-39/1950  |a Bratislava  |b Pravda 
260 3 |3 40/1950-1952  |a Bratislava  |b ÚV KSS  |b Pravda 
260 2 |3 1945-1946  |a Bratislava  |b Gustáv Husák 
300 |a 9 zv.  |b fotogr.  |c 31 cm 
310 |a 1x týždenne 
362 0 |a Roč. I, č. 1 (24. sept. 1944)-č. 5 (22. okt. 1944); roč. II, č. 1 (1. júna 1945)-roč. IX, č. 17 (24. apr. 1952) 
500 |a Zmena podnázvu: od 40/VII (12. okt. 1950) Týždenník pre politiku a kultúru 
500 |a V tiráži: od 10/III (15. marca 1946) Orgán Bloku slovenskej inteligencie (BIS) v Bratislave 
500 |a Zodp red.: Gustáv Husák, v r. 1947 Dalibor Hanes. Šéfred. od r. 1948 sa často menia 
500 |a Maj. a vyd. Gustáv Husák, od 10/III (15. marca 1945) len vyd., od 1/IV (4. jan. 1947) Vyd. Nakladateľstvo Obroda, spol. s r.o., od 16/V (22. apr. 1948) Pravda, vyd. a naklad. podniky, od 28/VI (15. júla 1949) maj. a vyd., od 40/VII (12. okt. 1950) ÚV KSS v Pravde, graf. a vyd. podnikoch v Bratislave 
500 |a Od č. 17/1948-24/1948 zmena veľkosti formátu na 43 cm; od 25/1948-17/1952 veľkosť formátu 31 cm 
650 0 7 |a politika  |2 SNKPH  |9 968 
650 0 7 |a politické strany  |2 SNKPH  |9 3589 
650 0 7 |a kultúra  |2 SNKPH  |9 886 
650 0 7 |a hospodárstvo  |2 SNKPH  |9 14275 
655 7 |a politické časopisy  |2 SNKPH  |9 265985 
700 1 |a Husák, Gustáv,  |d 1913-1991  |4 lso  |9 113908 
700 1 |a Hanes, Dalibor,  |d 1914-2007  |4 lso  |9 38245 
700 1 |a Bednár, Štefan,  |d 1909-1976  |4 pbd  |9 38371 
785 0 0 |t Pod zástavou socializmu  |w vtls009153299 
910 |a snk 
916 |a 1944-1952 
999 |c 5808  |d 7738 
952 |0 0  |1 0  |4 0  |7 0  |a SNK  |b SNK  |d 2000-01-13  |f 1  |i snk139/46  |l 0  |o snkČSB 364/2/1945  |p 17A0223630  |r 2005-01-02 00:00:00  |t č. 1-31  |w 2026-02-21  |y PREZ 
952 |0 0  |1 0  |4 0  |7 0  |a SNK  |b SNK  |d 2002-08-06  |l 0  |o snkČSB 364/2/1945 D1  |p 17A0350088  |r 2005-01-02 00:00:00  |t č. 1-31  |w 2026-02-21  |y PREZ 
952 |0 0  |1 0  |3 rekatalogizácia  |4 0  |7 0  |a SNK  |b SNK  |d 2005-10-17  |i snkI. 745/52  |l 0  |o snkČSB 364/8/1951 D1  |p 17A0104616  |r 2026-02-21 19:30:00  |t č. 1-52  |w 2026-02-21  |y PREZ 
952 |0 0  |1 0  |4 0  |7 0  |8 5  |a SNK  |b SNK  |d 2005-10-17  |i snkXI. 2240/55  |l 0  |o snkČSB 364/3/1946 D1  |p 17A0486510  |r 2026-02-21 19:30:00  |t č. 1-24  |w 2026-02-21  |y PREZ 
952 |0 0  |1 0  |3 rekatalogizácia  |4 0  |7 0  |8 0  |a SNK  |b SNK  |d 2005-10-17  |f 1  |l 0  |o snkČSB 364/1/1944  |p 17A0483033  |r 2026-02-21 19:30:00  |t č. 1-5  |w 2026-02-21  |y PREZ 
952 |0 0  |1 0  |4 0  |7 0  |a SNK  |b SNK  |d 2005-10-17  |i snkVIII. 3101/47  |l 0  |o snkČSB 364/1/1944 D1  |p 17A0483044  |r 2026-02-21 19:30:01  |t č. 1-5   |w 2026-02-21  |y PREZ 
952 |0 0  |1 0  |4 0  |7 0  |8 5  |a SNK  |b SNK  |d 2005-10-17  |i snkXI. 2254/55  |l 0  |o snkČSB 364/3/1946/2 D1  |p 17A0483011  |r 2026-02-21 19:30:03  |t č. 25-49  |w 2026-02-21  |y PREZ  |z rekatalogizácia 
952 |0 0  |1 0  |3 rekatalogizácia  |4 0  |7 0  |a SNK  |b SNK  |d 2005-10-17  |l 0  |o snkČSB 364/7/1950 D1  |p 17A0483034  |r 2026-02-21 19:30:03  |t č. 1-52  |w 2026-02-21  |y PREZ 
952 |0 0  |1 0  |3 rekatalogizácia  |4 0  |7 0  |8 1  |a SNK  |b SNK  |d 2005-10-17  |i snkD 115/66  |l 0  |o snkČSB 364/6/1949 D1  |p 17A0483035  |r 2026-02-21 19:30:03  |t č. 1-52  |w 2026-02-21  |y PREZ 
952 |0 0  |1 0  |3 rekatalogizácia  |4 0  |7 0  |8 0  |a SNK  |b SNK  |d 2005-10-17  |i snkI. 5626/47  |l 0  |o snkČSB 364/1/1944 D2  |p 17A0483010  |r 2026-02-21 19:30:03  |t č. 1-5  |w 2026-02-21  |y PREZ 
952 |0 0  |1 0  |3 rekatalogizácia  |4 0  |7 0  |a SNK  |b SNK  |d 2005-10-17  |l 0  |o snkČSB 364/4/1947 D1  |p 17A0483009  |r 2026-02-21 19:30:03  |t č. 1-52  |w 2026-02-21  |y PREZ 
952 |0 0  |1 0  |4 0  |7 0  |8 1  |a SNK  |b SNK  |d 2011-05-16  |i snkD 755/65  |l 0  |o snkČSB 364/5/1948 D1  |p 17A0699643  |r 2026-02-21 19:57:16  |t č. 17-24  |w 2026-02-21  |y PREZ 
952 |0 0  |1 0  |4 0  |7 0  |a SNK  |b SNK  |d 1997-10-21  |f 1  |i snk269/52  |l 0  |o snkČSB 364/8/1951/1  |p 17A0104542  |r 2005-01-02 00:00:00  |t č. 1-35  |w 2026-02-21  |y PREZ 
952 |0 0  |1 0  |4 0  |7 0  |a SNK  |b SNK  |d 1997-10-21  |f 1  |i snk63/47  |l 0  |o snkČSB 364/3/1946/1  |p 17A0104384  |r 2005-01-02 00:00:00  |t č. 1-26  |w 2026-02-21  |y PREZ 
952 |0 0  |1 0  |4 0  |7 0  |a SNK  |b SNK  |d 1997-10-21  |f 1  |i snk63/47  |l 0  |o snkČSB 364/3/1946/2  |p 17A0104388  |r 2005-01-02 00:00:00  |t č. 27-49  |w 2026-02-21  |y PREZ 
952 |0 0  |1 0  |4 0  |7 0  |a SNK  |b SNK  |d 1997-10-23  |f 1  |i snk755/52  |l 0  |o snkČSB 364/9/1952  |p 17A0104818  |r 2005-01-02 00:00:00  |t č. 1-17  |w 2026-02-21  |y PREZ 
952 |0 0  |1 0  |4 0  |7 0  |a SNK  |b SNK  |d 1997-10-23  |l 0  |o snkČSB 364/9/1952 D1  |p 17A0104754  |r 2005-01-02 00:00:00  |w 2026-02-21  |y PREZ 
952 |0 0  |1 0  |4 0  |7 0  |a SNK  |b SNK  |d 1997-12-18  |f 1  |i snk2225/48  |l 0  |o snkČSB 364/4/1947  |p 17A0115690  |r 2005-01-02 00:00:00  |t č. 1-52  |w 2026-02-21  |y PREZ 
952 |0 0  |1 0  |4 0  |7 0  |a SNK  |b SNK  |d 2015-10-23  |f 1  |i snk269/52  |l 0  |o snkČSB 364/8/1951/2  |p 17A1097105  |r 2026-02-21 20:53:01  |t č. 36-52  |w 2026-02-21  |y PREZ 
952 |0 0  |1 0  |4 0  |7 0  |a SNK  |b SNK  |d 2015-10-19  |f 1  |i snk102/49  |l 0  |o snkČSB 364/5/1948  |p 17A1097103  |r 2026-02-21 20:53:24  |t č. 1-52  |w 2026-02-21  |y PREZ 
952 |0 0  |1 0  |4 0  |7 0  |8 5  |a SNK  |b SNK  |d 1999-04-15  |f 1  |i snkF 703/81  |l 0  |o snkČSB 364/7/1950  |p 17A0292691  |r 2005-01-02 00:00:00  |t č. 1-52  |w 2026-02-21  |y PREZ 
952 |0 0  |1 0  |4 0  |7 0  |a SNK  |b SNK  |d 1997-01-30  |f 1  |i snk785/50  |l 0  |o snkČSB 364/6/1949  |p 17A0033718  |r 2005-01-02 00:00:00  |t č. 1-52  |w 2026-02-21  |y PREZ 
952 |0 0  |1 0  |4 0  |7 0  |a SNK  |b SNK  |d 1997-01-31  |l 0  |o snkČSB 364/5/1948 D1  |p 17A0033720  |r 2005-01-02 00:00:00  |t č. 1-52  |w 2026-02-21  |y PREZ